000
003120000a22001450004500
003
MACL
040
_a
MACL
090
_c
33173
_d
33171
100
_a
Ajaz, Dr S M
245
_a
Economic and Social Problems
260
_b
Bright Careers Institute
350
_a
65
650
_a
Economics
942
_c
BOOK
_k
330/AJA
999
_c
32825
_d
32825